00893 a2200265 4500003000500000005001700005010001700022020001500039020001800054035002400072040000900096082001000105100002500115245006000140260003900200300007300239490003400312650001800346651001100364830003500375856008300410942001200493999001900505952010300524Nust20170207154052.0 a 2008016224 a0816070083 a9780816070084 a(OCoLC)ocn223107232 cNust00a570.31 aCullen, Katherine E.10aEncyclopedia of life science(E-BOOK)cKatherine Cullen. aNew York :bFacts On File,cc2009. a2 v. (xii, 806 p., 29 p.) :bill. (chiefly col.), col. map ;c29 cm.1 aFacts on File science library 0aLife sciences aE-BOOK 0aFacts on File science library.413Table of contents onlyuhttp://www.loc.gov/catdir/toc/ecip0815/2008016224.html 2ddccBK c193178d193178 00102ddc40708NFICaMCSbMCSd2016-12-12l0o570.3 CULpMCSEB-2932r2016-12-08w2016-12-12yBK